Catalog

Record Details

Catalog Search



Strega Nona and the twins  Cover Image Book Book

Strega Nona and the twins / written and illustrated by Tomie dePaola.

DePaola, Tomie, 1934- (author,, illustrator.).

Summary:

When Strega Nona babysits twins for the day, Bambolona and Big Anthony help, but the children find trouble everywhere they go.

Record details

  • ISBN: 9781481481380
  • ISBN: 148148138X
  • ISBN: 9781481481373
  • ISBN: 1481481371
  • ISBN: 9781537950570
  • ISBN: 1537950576
  • Physical Description: 1 volume (unpaged) : color illustrations ; 24 cm.
  • Edition: Simon Spotlight edition.
  • Publisher: New York : Simon Spotlight, an imprint of Simon & Schuster, ©2017.
Subject: Strega Nona (Fictitious character) > Juvenile fiction.
Twins > Juvenile fiction.
Babysitting > Juvenile fiction.
Conduct of life > Juvenile fiction.
Magic > Juvenile fiction.
Witches > Juvenile fiction.

Available copies

  • 1 of 1 copy available at scottsboropl.

Holds

  • 0 current holds with 1 total copy.
Show Only Available Copies
Location Call Number / Copy Notes Barcode Shelving Location Status Due Date
scottsboropl BR DeP 32269001037277 Juvenile - Beginning Reader Available -

LDR 01773nam a2200445Ii 4500
001145040
003CONS
00520180109134016.0
008170501s2017 nyua j 000 1 eng d
010 . ‡a 2017932250
020 . ‡a9781481481380 ‡q(hardcover)
020 . ‡a148148138X ‡q(hardcover)
020 . ‡a9781481481373 ‡q(paperback)
020 . ‡a1481481371 ‡q(paperback)
020 . ‡a9781537950570 ‡q(FollettBound)
020 . ‡a1537950576 ‡q(FollettBound)
035 . ‡a(CPomAG)LMN603125
05014. ‡aPZ7.D439 ‡bStt 2017
08204. ‡a[E] ‡223
1001 . ‡aDePaola, Tomie, ‡d1934- ‡eauthor, ‡eillustrator.
24510. ‡aStrega Nona and the twins / ‡cwritten and illustrated by Tomie dePaola.
250 . ‡aSimon Spotlight edition.
264 1. ‡aNew York : ‡bSimon Spotlight, an imprint of Simon & Schuster, ‡c©2017.
300 . ‡a1 volume (unpaged) : ‡bcolor illustrations ; ‡c24 cm.
336 . ‡atext ‡btxt ‡2rdacontent
336 . ‡astill image ‡bsti ‡2rdacontent
337 . ‡aunmediated ‡bn ‡2rdamedia
338 . ‡avolume ‡bnc ‡2rdacarrier
4901 . ‡aReady-to-read. Level one, Star reader!
520 . ‡aWhen Strega Nona babysits twins for the day, Bambolona and Big Anthony help, but the children find trouble everywhere they go.
650 0. ‡aStrega Nona (Fictitious character) ‡vJuvenile fiction.
650 0. ‡aTwins ‡vJuvenile fiction.
650 0. ‡aBabysitting ‡vJuvenile fiction.
650 0. ‡aConduct of life ‡vJuvenile fiction.
650 0. ‡aMagic ‡vJuvenile fiction.
650 0. ‡aWitches ‡vJuvenile fiction.
830 0. ‡aReady-to-read. ‡nLevel one, ‡pStar reader!
914 . ‡aSCP_kt
959 . ‡i32269001037277 ‡lBR DeP ‡aJuvenile - Easy ‡tBeginning Reader ‡g10.00
852 . ‡p32269001037277 ‡jBR DeP ‡gJuvenile - Easy ‡cBeginning Reader ‡y10.00 ‡bSBPL
901 . ‡a145040 ‡bUnknown ‡c145040 ‡tbiblio

Additional Resources